Entender el conflicto : la forma como herramienta /

שמור ב:
מידע ביבליוגרפי
מחבר ראשי: Redorta, Josep (autor)
מחברים אחרים: Serrano, Gonzalo (prólogo) (prólogo)
פורמט: ספר
שפה:ספרדית
יצא לאור: Barcelona, España : Paidós, 2015, c2007
סדרה:(Psicología Hoy ; 65)
נושאים:
תגים: הוספת תג
אין תגיות, היה/י הראשונ/ה לתייג את הרשומה!

MARC

LEADER 00000nam^a2200000^a^4500
001 000400054
005 20250521000000.0
009 20260310121609.193
020 |a 978-84-493-2011-8 
037 |a Acervo ITESO - Biblioteca 
041 |a ESP 
082 |a 303. 69  |b RED 
100 |a Redorta, Josep  |e (autor) 
245 1 0 |a Entender el conflicto :  |b la forma como herramienta /  |c J. Redorta ; pról. de G. Serrano. 
264 4 |a Barcelona, España :  |b Paidós,  |c 2015, c2007 
300 |a 234 p. 
336 |a texto  |b txt  |2 rdacontenido 
337 |a sin mediación  |b n  |2 rdamedio 
338 |a volumen  |b nc  |2 rdasoporte 
440 1 |a (Psicología Hoy ;  |v 65) 
521 |a FIL 2017 EEnlace Departamento de Estudios Sociopolíticos y Jurídicos 
649 |a XX 
650 |a Percepción 
650 |a Formación de Conceptos -  |x Tema Principal 
650 |a Conflicto (Relaciones Personales) 
650 |a Conflicto Social -  |x Tema Principal 
650 |a Interacción Social 
650 |a Negociación y Mediación -  |x Tema Principal 
650 |a Inteligencia Emocional 
650 |a Psicología Social 
650 |a Sociología 
700 |a Serrano, Gonzalo  |e (prólogo) 
910 |a Fondo General 
920 |a Impresos - Libros 
930 |a Colección General 
905 |a 101 
901 |a 0500295213  |b IT1  |c ACC  |i c157880  |u 20250521 
902 |a https://opac.biblio.iteso.mx/vufind/Record/000400054